00367nam a22001577a 4500003000500000005001700005008004100022020001800063040000600081082001600087100002100103245004100124260002000165300000900185650001500194CEME20210628210722.0210211b xxu||||| |||| 00| 0 eng d a0-672-31796-6 c. a005.133 MOH aMohnike, charies aMeach yourself coldfusion in 21 days aUSAbSAMSc2000 a800P aCOLDFUSION